Statistics for Animals Anagrams

Click here to take the quiz!

General Stats

  • This quiz has been taken 178 times
  • The average score is 20 of 25

Answer Stats

HintAnswer% Correct
dholpniDolphin
97%
ogdDog
94%
fsihFish
94%
srheoHorse
93%
lmalaLlama
93%
ofxFox
92%
ogtaGoat
92%
raebBear
91%
etirgTiger
90%
berzaZebra
89%
mecalCamel
88%
komnyeMonkey
82%
lteurtTurtle
82%
nkksuSkunk
80%
gujaraJaguar
78%
btarbiRabbit
78%
unpginePenguin
76%
ldzraiLizard
73%
orpratParrot
72%
nfamlogiFlamingo
69%
oerttOtter
63%
gepoinPigeon
61%
pnaeltehElephant
58%
llagaoritAlligator
55%
samthreHamster
40%

Score Distribution

Percentile by Number Answered

Percent of People with Each Score

Your Score History

You have not taken this quiz